000 01085nas a2200325 4500
001 BR2012005018
003 BR-BrBNA
005 20231205120824.0
007 ta
008 230509b bl.|||p| |||| 00| 00por d
040 _aBR-BrBNA
_bpor
_cBiblioteca Nacional de Agricultura
041 _a(Pt)
072 _aL40
100 1 _aAraújo, R.O. de
100 1 _aGloria, W.P.
100 1 _aMarcondes, C.R.
100 1 _aGarnero, A.D.V.
100 1 _aGunski, R.J.
100 1 _aLôbo, R.B.
245 1 _aÍndice perímetro escrotal-peso ajustado aos 365-450 dias de idade para bovinos Nelore
246 1 _aScrotal circumference-weight index adjusted to 365 and 450 days of age in Nellore cattle
650 _aGADO NELORE
650 _aTAMANHO
650 _aTESTÍCULO
650 _aIDADE
650 _aCRESCIMENTO
773 0 _tRevista de Ciências Agrárias Amazonian Journal of Agricultural and Environmental Sciences (Brazil)
_xISSN 1517-591X
_g(Jul-Dec 2010), v. 53(2) p. 171-176
_wBR2012005018
909 _a202311
_bLúcia
_c55
_dLúcia Elande
942 _2AGRIS
_n0
_cANA
999 _c220496
_d220496